000 01261nam0a22003131 4500
001 rc\2724467
005 20110915164410.7
035 _a(NLR Aleph) 006852012
090 _a6757021
_c6757021
100 _a20110915d1938 |||y0rusy50 ca
101 1 _arus
_cger
102 _aRU
105 _aa z |||||
200 1 _aВредные газы
_fФ. Флюри, Ф. Церник
_gПер. с нем. И. С. Аруина, А. В. Назарова, Р. М. Стрыковского
_gПод ред. Г. М. Майрановского
210 _aМосква
_cГОНТИ, Ред. хим. лит-ры
_d1938
_eЛенинград
215 _a846 с., 2 ненум. с., 9 вкл. л. ил.
_cил., черт.
_d26 см.
300 _aДоб. тит. л.: F. Flury und F. Zernik. Schadliche Gase
320 _aБиблиогр. в конце разделов
700 1 _aФлюри
_bФ.
_gФердинанд
701 1 _aЦерник
_bФ.
_gФранц
702 1 _aСтрыковский
_bР. М.
_4730
702 1 _aМайрановский
_bГ. М.
_4340
702 1 _aНазаров
_bА. В.
_4730
702 1 _aАруин
_bИ. С.
_4730
801 0 _aRU
_bNLR
_gpsbo
801 1 _aRU
_bELAR
_2rusmarc
852 _aNLR
_j38-5/422
942 _cBOOK
980 _aNB